| 000 | 00740nam a2200217Ia 4500 | ||
|---|---|---|---|
| 003 | OSt | ||
| 005 | 20221005115208.0 | ||
| 006 | a|||||r|||| 00| 0 | ||
| 007 | ta | ||
| 008 | 221004b |||||||| |||| 00| 0 eng d | ||
| 024 | _a32317 | ||
| 037 | _cTextual | ||
| 040 |
_aCRL _cCRL _beng |
||
| 041 |
_2eng _aeng |
||
| 082 | _aZ438x, F4 | ||
| 245 | 0 | _aBurma Act No. 1 of 1924 to amend the city of Rangoon Municipal Act, 1922. Burma Act No. II of 1924 to amend the Burma rural self-government Act, 1921. Burma Act No. III of 1924 to amend the University of Rangoon Act, 1920. Burma Act No. IV of 1924 to a | |
| 260 | _c1924 | ||
| 650 |
_aLAW - BURMA _9627242 |
||
| 942 |
_hZ438x, F4 _cTEXL _2cc |
||
| 999 |
_c1033739 _d1033739 |
||